| 000 | 00960cab a2200253 4500 | ||
|---|---|---|---|
| 001 | ABS56310 | ||
| 008 | 090401t1996 xxu||||| |||| 00| 0 eng d | ||
| 035 | _a(Sirsi) u22759 | ||
| 041 | _aeng | ||
| 100 | _aEgbu, C. | ||
| 245 | _aRefurbishment management practices in the shipping and construction industries - lessons to be learned | ||
| 260 | _c1996 | ||
| 350 | _a0 | ||
| 490 |
_aBuilding Research and Information _v24(6) November/December 1996, 329-338(9) |
||
| 520 | _aCompares refurbishment management practices in the shipping and construction industries. Also discusses the need for more courses for these specialised areas of management and for processes to manage risks and uncertainty. | ||
| 650 | _aCONSTRUCTION INDUSTRY | ||
| 650 | _aREFURBISHMENT MANAGEMENT | ||
| 650 | _aRISK MANAGEMENT | ||
| 690 | _aBUILDING AND CONSTRUCTION-REHABILITATION | ||
| 700 | _aYoung, B | ||
| 700 | _aTorrance, V | ||
| 942 | _n0 | ||
| 948 | _c04/03/1997 | ||
| 999 |
_c15257 _d15257 |
||